British football teams Nicknames - Statistics

General Stats
  • This quiz has been taken 35 times
  • The average score is 40 of 53
Answer Stats
Hint Answer % Correct
The Gunners A Arsenal
100%
The Foxes LC Leicester City
97%
The Reds L Liverpool
97%
The Red Devils MU Manchester United
97%
The Saints S Southampton
97%
The Spurs TH Tottenham Hotspur
97%
Wolves WW Wolverhampton wanderers
97%
The Villains AV Aston Villa
94%
The Seagulls B&HA Brighton & Hove Albion
94%
The Magpies NU Newcastle United
94%
The Blades SU Sheffield United
94%
The Toffees E Everton
91%
The Cottagers F Fulham
91%
The Hoops QPR Queens Park Rangers
91%
The Swans SC Swansea City
91%
The Blues C Chelsea
88%
The Tigers HC Hull City
88%
The Baggies WBA West Bromwich Albion
88%
The Hammers WHU West Ham United
88%
The Canaries NC Norwich City
85%
The Tractor boys IT Ipswich Town
82%
The Owls SW Sheffield Wednesday
82%
The Trotters BW Bolton Wanderers
79%
The Clarets B Burnley
79%
The Hatters LT Luton Town
79%
The Black Cats S Sunderland
79%
The Bees B Brentford
76%
The Rams DC Derby County
76%
The Potters SC Stoke City
76%
The Hornets W Watford
76%
The Glaziers CP Crystal Palace
73%
The Imps LC Lincoln City
73%
The Lilywhites PNE Preston North End
73%
The Terriers HT Huddersfield Town
70%
Pompey P Portsmouth
70%
The Dons MKD MK Dons
67%
The Pilgrims PA Plymouth Argyle
67%
The Chairboys WW Wycombe Wanderers
67%
The Pirates BR Bristol Rovers
64%
The Cod Army FT Fleetwood Town
64%
The Bantams BC Bradford City
61%
The Brewers BA Burton Albion
61%
The Addicks CA Charlton Athletic
61%
The Posh PU Peterborough United
61%
The Cumbrians CU Carlisle United
58%
The Millers R Rotherham
58%
The Cherries AFCB AFC Bournemouth
55%
The Cobblers NT Northampton Town
55%
The Grecians EC Exeter City
52%
The Railwaymen CA Crewe Alexandra
48%
The Monkey Hangers HU Hartlepool United
48%
The Shrimps M Morecambe
45%
The Biscuitmen R Reading
36%
No matching quizzes found
Score Distribution
Percent of People with Each Score
Percentile by Number Answered
Your Score History
You have not taken this quiz